|
|
|
|
| LEADER |
00000nam a2200000 4500 |
| 001 |
vtls012286265 |
| 003 |
SK-MaSNL |
| 005 |
20260302030211.0 |
| 008 |
251030s2025 xo oab c p 000 0 slo |
| 020 |
|
|
|a 9788082806123
|q (brožované)
|
| 040 |
|
|
|a SNK
|b slo
|c SNK
|e rda
|
| 041 |
0 |
|
|a slo
|
| 043 |
|
|
|a f------
|a a------
|
| 044 |
|
|
|a xo
|c SK
|
| 072 |
|
7 |
|a 91
|x Geografia ako veda. Výskum. Cestovanie
|2 konspekt
|
| 072 |
|
7 |
|a 37.016
|x Učebné osnovy. Vyučovacie predmety. Učebnice
|2 konspekt
|
| 080 |
|
|
|a 91
|2 2011
|
| 080 |
|
|
|a (075.2)
|2 2011
|
| 080 |
|
|
|a (075.3)
|2 2011
|
| 080 |
|
|
|a (076.1)
|2 2011
|
| 080 |
|
|
|a (6)
|2 2011
|
| 080 |
|
|
|a (5)
|2 2011
|
| 100 |
1 |
|
|a Nogová, Mária
|4 aut
|9 12641
|
| 245 |
1 |
0 |
|a Geografia 6
|b pre základné školy a gymnáziá s osemročným štúdiom : pracovný zošit
|p Afrika. Ázia
|c Mária Nogová, Nichal Noga
|
| 246 |
3 |
3 |
|a Geografia 6
|b pracovný zošit
|
| 246 |
3 |
0 |
|a Afrika
|
| 246 |
3 |
0 |
|a Ázia
|
| 250 |
|
|
|a Prvé vydanie
|
| 264 |
|
1 |
|a Bratislava
|b Expol Pedagogika
|c 2025
|
| 300 |
|
|
|a 40 strán
|b farebné fotografie a ilustrácie, mapy, tabuľky
|c 30 cm
|
| 336 |
|
|
|a text
|b txt
|2 rdacontent
|
| 336 |
|
|
|a statický obraz
|b sti
|2 rdacontent
|
| 337 |
|
|
|a bez média
|b n
|2 rdamedia
|
| 338 |
|
|
|a zväzok
|b nc
|2 rdacarrier
|
| 650 |
0 |
7 |
|a geografia
|2 SNKPH
|9 823
|
| 650 |
0 |
7 |
|a Geography
|2 SNKPHeng
|9 265075
|
| 651 |
|
7 |
|a Afrika
|2 SNKPHgeo
|9 17012
|
| 651 |
|
7 |
|a Ázia
|2 SNKPHgeo
|9 28709
|
| 651 |
|
7 |
|a Africa
|2 SNKPHeng
|9 305523
|
| 651 |
|
7 |
|a Asia
|2 SNKPHeng
|9 267356
|
| 655 |
|
7 |
|a učebnice základných škôl
|2 SNKPH
|9 70187
|
| 655 |
|
7 |
|a Secondary school textbooks
|2 SNKPHeng
|9 135487
|
| 655 |
|
7 |
|a učebnice stredných škôl
|2 SNKPH
|9 69323
|
| 655 |
|
7 |
|a Textbooks (elementary)
|2 SNKPHeng
|9 276977
|
| 655 |
|
7 |
|a pracovné zošity
|2 SNKPH
|9 70188
|
| 655 |
|
7 |
|a Activity books
|2 SNKPHeng
|9 302885
|
| 700 |
1 |
|
|a Noga, Michal
|4 aut
|9 267595
|
| 700 |
1 |
|
|a Borcovanová, Andrea
|4 rev
|9 676636
|
| 700 |
1 |
|
|a Košťálová, Miroslava,
|d 1976-
|4 rev
|9 250265
|
| 700 |
1 |
|
|a Svoradová Lacinová, Marianna
|4 rev
|9 676637
|
| 700 |
1 |
|
|a Šlosiarová, Iveta
|4 rev
|9 676638
|
| 700 |
1 |
|
|a Móžiová, Veronika
|4 bkd
|9 513161
|
| 919 |
|
|
|a 978-80-8280-612-3
|
| 999 |
|
|
|c 1046521
|d 1048451
|
| 952 |
|
|
|a SNK
|b SNK
|y NEVYP
|7 1
|p 17A1582735
|o snkOSB 21898
|i snk2025/19598
|8 0
|0 0
|1 0
|4 0
|d 2025-12-02
|l 0
|r 2026-02-24 14:42:36
|w 2026-02-24
|